• 首页
  • 本馆介绍
  • 公告通知
  • 最新文献
  • 馆藏检索
  • 电子资源
  • 读者导购
  • 参考咨询
  • 我的图书馆
  • 登录
  • 详细信息显示
  • 放入我的书架
  • 预约/预借图书
  • 作者相关作品
  • 分类相关作品
  • 丛书相关作品
  • 出版社相关作品

书目信息

  • 表格格式
  • 工作单格式
  • 卡片格式
题名:
科技致富百篇
    
 
作者: 王培泉
分册:  
出版信息: 济南   山东人民出版社  1999.07
页数: 332页
开本: 20cm
丛书名:
单 册:
中图分类: S39-49
科图分类:
主题词: 农学
电子资源:
ISBN: 7-209-02435-2
000 00522nam0 2200193 45
001 0356286723
005 2003091715380682
010    @a7-209-02435-2@dRMB 15.00
100    @a20030917d1999 km y0chiy0120 ea
101 0  @achi
102    @aCN@b370000
200 1  @a科技致富百篇@Ake ji zhi fu bai pian@f王培泉@Fwang pei quan
210    @a济南@c山东人民出版社@d1999.07
215    @a332页@d20cm
606 0  @a农学
690    @aS39-49@v3
701  0 @a王培泉@Awang pei quan
801  0 @aCN@bPFT@c20030917
905    @aBZT@dS39-49@e1@f30
    
    科技致富百篇/王培泉.-济南:山东人民出版社,1999.07
    332页;20cm
    
    
    ISBN 7-209-02435-2:RMB 15.00
    
●
相关链接 在五车中查询图书 在当当中查询图书 在豆瓣中查询图书


正题名:科技致富百篇     索取号:S39-49/1         预约/预借

序号 登录号 条形码 馆藏地/架位号 状态 备注
1 0350141   200344421   教材工具书阅览室/工2架B面5层5列/ [索取号:S39-49/1] 在馆    
2 0350142   200344430   教材工具书阅览室/工2架B面5层5列/ [索取号:S39-49/1] 在馆    
3 0350144   200344449   教材工具书阅览室/工2架B面5层5列/ [索取号:S39-49/1] 在馆    
4 0350145   200344467   教材工具书阅览室/工2架B面5层5列/ [索取号:S39-49/1] 在馆    
5 0350146   200344476   教材工具书阅览室/工2架B面5层5列/ [索取号:S39-49/1] 在馆    
6 0350147   200344485   教材工具书阅览室/工2架B面5层5列/ [索取号:S39-49/1] 在馆    
7 0350148   200344494   教材工具书阅览室/工2架B面5层5列/ [索取号:S39-49/1] 在馆    
8 0350150   200343690   教材工具书阅览室/工2架B面5层5列/ [索取号:S39-49/1] 在馆    
9 0350155   200344341   教材工具书阅览室/工2架B面5层5列/ [索取号:S39-49/1] 在馆    
10 0350159   200344118   教材工具书阅览室/工2架B面5层5列/ [索取号:S39-49/1] 在馆    
11 0350160   200344109   教材工具书阅览室/工2架B面5层5列/ [索取号:S39-49/1] 在馆    
12 0350165   200344083   教材工具书阅览室/工2架B面2层5列/ [索取号:S39-49/1] 在馆    
13 0350166   200344065   教材工具书阅览室/工2架B面5层5列/ [索取号:S39-49/1] 在馆    
14 0350167   200344074   教材工具书阅览室/工2架B面5层5列/ [索取号:S39-49/1] 在馆    
15 0350168   200344056   教材工具书阅览室/工2架B面5层5列/ [索取号:S39-49/1] 在馆    
山东省滨州职业学院图书馆 欢迎您!
大连网信软件有限公司© 版权所有